LEADER 01153nam--2200385---450- 001 990001537900203316 005 20050722153057.0 035 $a000153790 035 $aUSA01000153790 035 $a(ALEPH)000153790USA01 035 $a000153790 100 $a20040326d1981----km-y0itay0103----ba 101 $aita 102 $aIT 105 $a||||||||001yy 200 1 $aDiscorso e retorica$f[scritti di] Giuseppe Mosconi ... [et al.]$ga cura di Clotilde Pontecorvo 210 $aTorino$cLoescher$dc1981 215 $a226 p.$d20 cm 225 2 $aConoscenza e processi educativi$v3 410 0$12001$aConoscenza e processi educativi$v3 454 1$12001 461 1$1001-------$12001 606 0 $aRetorica 702 1$aPONTECORVO,$bClotilde 702 1$aMOSCONI,$bGiuseppe 801 0$aIT$bsalbc$gISBD 912 $a990001537900203316 951 $aII.4. 600/3(XV B coll 438/3)$b14595 L.M.$cXV B 959 $aBK 969 $aUMA 979 $aSIAV6$b10$c20040326$lUSA01$h1035 979 $aPATRY$b90$c20040406$lUSA01$h1747 979 $aCOPAT6$b90$c20050722$lUSA01$h1530 996 $aDiscorso e retorica$9136881 997 $aUNISA LEADER 01378nam--2200433---450- 001 990003346430203316 005 20091111092712.0 010 $a978-88-6132-406-0 035 $a000334643 035 $aUSA01000334643 035 $a(ALEPH)000334643USA01 035 $a000334643 100 $a20041013d2009----||itac50 ba 101 $aita 102 $aIT 105 $ae ||||| 200 1 $aDizionario dei termini giuridici$fAngelo Favata 205 $a28. ed$faggiornata da Francesco Bartolini 210 $aPiacenza$cLa tribuna$d2009 215 $a528 p.$d22 cm 225 0 $a<>dizionari 300 $aIn cop.: Una raccolta di vocaboli, istituti, termini, espressioni e definizioni giuridiche 410 1$1001$12001$a<>dizionari 606 0$aDiritto$xTerminologia$2BNCF 676 $a349.4503 700 1$aFAVATA,$bAngelo$0255441 702 1$aBARTOLINI,$bFrancesco$f<1942- > 801 0$aIT$bICCU$c20090531 912 $a990003346430203316 951 $aXXI.1. 19$b64392 G.$cXXI.1$d00124429 959 $aBK 969 $aGIU 979 $aACQUISTI$b10$c20041013$lUSA01$h1425 979 $aACQUISTI$b10$c20041013$lUSA01$h1501 979 $aACQUISTI$b10$c20041013$lUSA01$h1508 979 $aPATRY$b90$c20091111$lUSA01$h0919 979 $aPATRY$b90$c20091111$lUSA01$h0927 996 $aDizionario dei termini giuridici$9168802 997 $aUNISA